00572cam a2200145 4500008004100000020001500041035001200056050002500068100002800093245011900121260009500240300002000335651003500355651003600390040211s1978 sp 000 0 spa u a8472321762 aa43517300aF3611 .T8 bM37 19781 aMartínez Compañón13aLa Obra del obispo Martínez Compañón sobre Trujillo del Perú en el siglo XVIII /cMartínez Compañón. aMadrid, España :bCultura Hispánica del Centro Iberoamericano de Cooperación, c1978 a33 p. ;c24 cm.10aTrujillo (La Libertad, Perú)20aPerú x Historia yHasta 1820